[Event "Aragon-ch Primera"]
[Site "Spain"]
[Date "2009.??.??"]
[Round "8"]
[White "Gracia Perez, Juan Carlos"]
[Black "Calvo Gutierrez, Rafael"]
[Result "1-0"]
[WhiteElo "1790"]
[BlackElo "1623"]
[PlyCount "59"]
[EventDate "2009.??.??"]
[EventType "swiss"]
[EventRounds "9"]
[EventCountry "ESP"]
[SourceTitle "EXT 2013"]
[Source "ChessBase"]
[SourceDate "2012.11.22"]
[SourceVersion "1"]
[SourceVersionDate "2012.11.22"]
[SourceQuality "1"]

1. e4 d6 2. d4 Nf6 3. Nc3 g6 4. Bg5 Bg7 5. f4 0-0 6. Qd2 c5 7. Nf3 cxd4 8. Nxd4 Nc6 9. Nde2 Qa5 10. Nc1 Be6 11. Bd3 Rac8 12. 0-0 Ng4 13. Nb3 Qb6+ 14. Kh1 Bxb3 15. axb3 Nb4 16. h3 Nxd3 17. hxg4 Nc5 18. Nd5 Nxe4 19. Qe1 Qd4 20. Nxe7+ Kh8 21. c3 Qd3 22. Rd1 Ng3+ 23. Kg1 Ne2+ 24. Kh2 Qe4 25. Rf2 Be5 26. Qxe2 Qxe2 27. Rxe2 f6 28. fxe5 fxg5 29. Nxc8 Rxc8 30. exd6 1-0

[Event "Aragon-ch Primera"]
[Site "Spain"]
[Date "2009.??.??"]
[Round "2"]
[White "Marco Bernad, Eduardo"]
[Black "Gracia Perez, Juan Carlos"]
[Result "1-0"]
[WhiteElo "1671"]
[BlackElo "1790"]
[PlyCount "55"]
[EventDate "2009.??.??"]
[EventType "swiss"]
[EventRounds "9"]
[EventCountry "ESP"]
[SourceTitle "EXT 2013"]
[Source "ChessBase"]
[SourceDate "2012.11.22"]
[SourceVersion "1"]
[SourceVersionDate "2012.11.22"]
[SourceQuality "1"]

1. d4 Nf6 2. e3 g6 3. c3 Bg7 4. Bd3 d5 5. Nd2 Nbd7 6. f4 0-0 7. Ngf3 c5 8. 0-0 cxd4 9. exd4 Ne8 10. Re1 Nd6 11. Nf1 Re8 12. Ng3 Nf6 13. Ne5 e6 14. Qf3 Nf5 15. b3 Qe7 16. Bb2 Nh4 17. Qf2 Kh8 18. Rf1 Ng8 19. Ba3 Qf6 20. Nh5 gxh5 21. Qxh4 Nh6 22. Qxh5 a5 23. Ng4 Qxd4+ 24. cxd4 Bxd4+ 25. Kh1 Nf5 26. Bxf5 exf5 27. Rae1 Be6 28. Nh6 1-0

[Event "Aragon-ch"]
[Site "Aragon"]
[Date "2008.08.24"]
[Round "2"]
[White "Gracia Perez, Juan Carlos"]
[Black "Salamero Pelay, Fernando"]
[Result "0-1"]
[WhiteElo "1896"]
[BlackElo "2125"]
[PlyCount "57"]
[EventDate "2008.08.23"]
[EventType "swiss"]
[EventRounds "9"]
[EventCountry "ESP"]
[SourceTitle "EXT 2011"]
[Source "ChessBase"]
[SourceDate "2010.11.26"]
[SourceVersion "1"]
[SourceVersionDate "2010.11.26"]
[SourceQuality "1"]

1. e4 Nf6 2. Nc3 d5 3. exd5 Nxd5 4. Bc4 c6 5. Qf3 e6 6. Qg3 Qd6 7. Nge2 b6 8. d4 Ba6 9. Nxd5 Qxg3 10. fxg3 cxd5 11. Bb3 Nc6 12. c3 Be7 13. Rf1 0-0 14. Rf3 Rac8 15. Nf4 Na5 16. Bc2 Bf6 17. h4 h6 18. Kd1 Be7 19. a4 Bc4 20. Be3 Rfe8 21. Nd3 Nc6 22. b3 Bxd3 23. Bxd3 e5 24. Bf5 Rcd8 25. Rc1 Bf6 26. Bb1 exd4 27. Bxh6 dxc3 28. Bf4 d4 29. Bg5 0-1